ბათუმის შოთა რუსთაველის სახელმწიფო უნივერსიტეტის ბიბლიოთეკა

ევროპის ქვეყნების საკონსტიტუციო სასამართლოების გადაწყვეტილებები ადამიანის ძირითად უფლებებთან და თავისუფლებებთან დაკავშირებით (ბიბ.ჩანაწერი № 59459)

000 -ლიდერი
ფიქსირებული სიგრძის საკონტროლო ველი 01593nam a22002297a 4500
003 - საკონტროლო ნომრის იდენტიფიკატორი
საკონტროლო ველი Ge_BSU
005 - ბოლო ოპერაციის თარიღი და დრო
საკონტროლო ველი 20230224105256.0
008 - ფიქსირებული სიგრძის მონაცემთა ელემენტები - ზოგადი ინფორმაცია
ფიქსირებული სიგრძის საკონტროლო ველი 230224s2004 ge ||||| |||| 00| 0 geo d
020 ## - წიგნის საერთაშორისო სტანდარტული ნომერი
International Standard Book Number 9994080466
041 ## - ენის კოდი
Language code of text/sound track or separate title geo
080 ## - უნივერსალური ათობითი კლასიფიკაციის ინდექსი
Universal Decimal Classification number 341.231.4 ე-35
245 ## - ცნობა სათაურის შესახებ
Title ევროპის ქვეყნების საკონსტიტუციო სასამართლოების გადაწყვეტილებები ადამიანის ძირითად უფლებებთან და თავისუფლებებთან დაკავშირებით
Statement of responsibility, etc თარგმანი: თამარ მამუკელაშვილი, რუსუდან ტუშური; საქართველოს ახალგაზრდა იურისტთა ასოციაცია.
264 ## - წარმოების, გამოცემის, დისტრიბუციის და სხვა ცნობები
გამოცემის, წარმოების, დისტრიბუციის... ადგილი თბილისი :
გამოცემის, წარმოების, დისტრიბუციის... სახელწოდება საქართველოს ახალგაზრდა იურისტთა ასოციაცია,
გამოცემის, წარმოების, დისტრიბუციის... თარიღი 2004.
300 ## - ფიზიკური აღწერა
Extent 368 გვ. ;
Other physical details 24 სმ.
653 ## - INDEX TERM--UNCONTROLLED
Uncontrolled term კანონის წინაშე თანასწორობა
653 ## - INDEX TERM--UNCONTROLLED
Uncontrolled term სიცოცხლის უფლება
653 ## - INDEX TERM--UNCONTROLLED
Uncontrolled term წამების აკრძალვა
653 ## - INDEX TERM--UNCONTROLLED
Uncontrolled term გამოხატვის თავისუფლება
700 ## - ADDED ENTRY--PERSONAL NAME
Personal name მამუკელაშვილი, თამარ
Relator term მთარგმნელი
9 (RLIN) 17022
700 ## - ADDED ENTRY--PERSONAL NAME
Personal name ტუშური, რუსუდან
Relator term მთარგმნელი
9 (RLIN) 16825
942 ## - ADDED ENTRY ELEMENTS (KOHA)
Source of classification or shelving scheme
Koha item type წიგნი
ეგზემპლარები
ჩამოწერის სტატუსი დაკარგული ეგზემპლარის სტატუსი კლასიფიკაციის წყარო ან თაროზე გაწყობის სქემა დაზიანების სტატუსი არ გაიცემა მუდმივი მდებარეობა (დაცვის ადგილი) ამჟამინდელი ადგილსამყოფელი თაროზე განთავსების ადგილი შეძენის თარიღი ღირებულება, შესყიდვის ნორმალური ფასი სრული შენახვის შიფრი შტრიხკოდი ბოლო ოპერაციის თარიღი ეგზემპლარის მიმდევრობითი ნომერი (კეტერი?) ფასის ძალაში შესვლის თარიღი ეგზემპლარის სახეობა საჯარო შენიშვნა
          ბათუმის შოთა რუსთაველის სახელმწიფო უნივერსიტეტის მთავარი ბიბლიოთეკა ბათუმის შოთა რუსთაველის სახელმწიფო უნივერსიტეტის მთავარი ბიბლიოთეკა წიგნსაცავი 2023-02-24 9.00 341.231.4 ე-35 63903 2023-02-24 63903 2023-02-24 წიგნი 9.00
          ბათუმის შოთა რუსთაველის სახელმწიფო უნივერსიტეტის მთავარი ბიბლიოთეკა ბათუმის შოთა რუსთაველის სახელმწიფო უნივერსიტეტის მთავარი ბიბლიოთეკა წიგნსაცავი 2023-03-10 9.00 341.231.4 ე-35 63998 2023-03-10 63998 2023-03-10 წიგნი 9.00
          ბათუმის შოთა რუსთაველის სახელმწიფო უნივერსიტეტის მთავარი ბიბლიოთეკა ბათუმის შოთა რუსთაველის სახელმწიფო უნივერსიტეტის მთავარი ბიბლიოთეკა წიგნსაცავი 2023-03-10 9.00 341.231.4 ე-35 63999 2023-03-10 63999 2023-03-10 წიგნი 9.00